ბათუმის შოთა რუსთაველის სახელმწიფო უნივერსიტეტის ბიბლიოთეკა

ქიმიური ტექნოლოგიის პროცესები და აპარატები : (ბიბ.ჩანაწერი № 39800)

000 -ლიდერი
ფიქსირებული სიგრძის საკონტროლო ველი 01036nam a2200217Ia 4500
001 - საკონტროლო ნომერი
საკონტროლო ველი 6405
003 - საკონტროლო ნომრის იდენტიფიკატორი
საკონტროლო ველი GE_BSU
005 - ბოლო ოპერაციის თარიღი და დრო
საკონტროლო ველი 20190507124321.0
008 - ფიქსირებული სიგრძის მონაცემთა ელემენტები - ზოგადი ინფორმაცია
ფიქსირებული სიგრძის საკონტროლო ველი 181216s1970||||ge |||||||||||||| ||geo||
040 ## - კატალოგიზაციის წყარო
Transcribing agency GE_BSU
041 ## - ენის კოდი
Language code of text/sound track or separate title geo
080 ## - უნივერსალური ათობითი კლასიფიკაციის ინდექსი
Universal Decimal Classification number 66(075.8) + 66.05 კ-65
100 ## - მთავარი ჩანაწერი - პიროვნების სახელი
Personal name კოდანაშვილი, ვ.
9 (RLIN) 865
245 ## - ცნობა სათაურის შესახებ
Title ქიმიური ტექნოლოგიის პროცესები და აპარატები :
Remainder of title სახელმძღვ.
Statement of responsibility, etc ვ. კოდანაშვილი ; რედ. ტ.ზოზრაშვილი.
250 ## - გამოცემის ცნობა
Edition statement მე-2 გადამუშ. და შევს. გამოც.
264 ## - წარმოების, გამოცემის, დისტრიბუციის და სხვა ცნობები
გამოცემის, წარმოების, დისტრიბუციის... ადგილი თბილისი :
გამოცემის, წარმოების, დისტრიბუციის... სახელწოდება განათლება,
გამოცემის, წარმოების, დისტრიბუციის... თარიღი 1970.
300 ## - ფიზიკური აღწერა
Extent 468 გვ. :
Other physical details ილ. ;
Dimensions 27 სმ.
653 ## - INDEX TERM--UNCONTROLLED
Uncontrolled term ქიმიური ტექნოლოგიის პროცესები და აპარატები
700 ## - ADDED ENTRY--PERSONAL NAME
Personal name ზოზრაშვილი, ზ.
Relator term რედაქტორი
9 (RLIN) 866
942 ## - ADDED ENTRY ELEMENTS (KOHA)
Koha item type წიგნი
Source of classification or shelving scheme
ეგზემპლარები
ჩამოწერის სტატუსი დაკარგული ეგზემპლარის სტატუსი კლასიფიკაციის წყარო ან თაროზე გაწყობის სქემა დაზიანების სტატუსი არ გაიცემა მუდმივი მდებარეობა (დაცვის ადგილი) ამჟამინდელი ადგილსამყოფელი თაროზე განთავსების ადგილი შეძენის თარიღი ღირებულება, შესყიდვის ნორმალური ფასი სრული შენახვის შიფრი შტრიხკოდი ბოლო ოპერაციის თარიღი ეგზემპლარის მიმდევრობითი ნომერი (კეტერი?) ფასის ძალაში შესვლის თარიღი ეგზემპლარის სახეობა საჯარო შენიშვნა
          ტექნოლოგიური ფაკულტეტის ბიბლიოთეკა ტექნოლოგიური ფაკულტეტის ბიბლიოთეკა წიგნსაცავი 2018-12-17 3.12 66(075.8) + 66.05 კ-65 11779 2018-12-17 11779 2018-12-17 წიგნი 3.12 ლ.
          ტექნოლოგიური ფაკულტეტის ბიბლიოთეკა ტექნოლოგიური ფაკულტეტის ბიბლიოთეკა წიგნსაცავი 2018-12-17 3.12 66(075.8) + 66.05 კ-65 11780 2018-12-17 11780 2018-12-17 წიგნი 3.12 ლ.
          ტექნოლოგიური ფაკულტეტის ბიბლიოთეკა ტექნოლოგიური ფაკულტეტის ბიბლიოთეკა წიგნსაცავი 2018-12-17 3.12 66(075.8) + 66.05 კ-65 11781 2018-12-17 11781 2018-12-17 წიგნი 3.12 ლ.
          ტექნოლოგიური ფაკულტეტის ბიბლიოთეკა ტექნოლოგიური ფაკულტეტის ბიბლიოთეკა წიგნსაცავი 2018-12-17 3.12 66(075.8) + 66.05 კ-65 11782 2018-12-17 11782 2018-12-17 წიგნი 3.12 ლ.
          ტექნოლოგიური ფაკულტეტის ბიბლიოთეკა ტექნოლოგიური ფაკულტეტის ბიბლიოთეკა წიგნსაცავი 2018-12-17 3.12 66(075.8) + 66.05 კ-65 11783 2018-12-17 11783 2018-12-17 წიგნი 3.12 ლ.